00886nam a2200241 i 4500003000900000005001700009007000300026008004100029040003000070082001400100100003600114245016900150250001800319264004200337300002600379336002700405337003300432338002800465490003100493700004000524700003800564700004200602DO-SdBNP20231020093444.0ta110408s1980 dr 000 0 spa d aDO-SdBNPbspacBNPHUerda bF363L222 aFernández de Perdomo, Yolanda10aLengua española :bpráctica y evaluación /cYolanda Fernández de Perdomo, Nora Nivar de Fernández, Ana Teresa Pereyra de Torres, Cristina Diaz de Pérez  a2a. edición 1aSanto Domingo :bAlfa y Omega,c1980. a317 páginasc28 cm. 2rdacontentatextobtxt 2rdamediaasin mediaciónbn 2rdacarrieravolumenbnc1 aExperiencias didácticas 1 aNivar de Fernández, Nora eautora1 aPereyra de Torres, Teresaeautora1 aDíaz de Pérez , Cristina eautora